000 00980cab a2200253 4500
001 ABS48234
008 090401t1993 xxu||||| |||| 00| 0 eng d
035 _a(Sirsi) u65597
041 _aeng
100 _aWyatt, P.
245 _aTowards a National Land Information System - a coordinated research strategy
260 _c1993
350 _a0
490 _aMapping Awareness
_v7(2) March 1993, 34-36(3)
520 _aSecond part of a two part series on the Domesday Survey for a National Land Information System. This article addresses the factors that affect the supply of NATLI (National Access to All Land Information) and the data that it contains. (Part 1 ABS48059)
650 _aDOMESDAY 2000
650 _aDOMESDAY RESEARCH GROUP
650 _aGIS
650 _aNATIONAL ACCESS TO ALL LAND INFORMATION
650 _aNATIONAL LAND INFORMATION SERVICE
690 _aMANAGEMENT-BUSINESS MANAGEMENT-INFORMATION MANAGEMENT
942 _n0
948 _c04/03/1997
999 _c40917
_d40917